[Event "Santo Domingo Duarte Memorial 7th"]
[Site "Santo Domingo"]
[Date "2018.01.12"]
[Round "1"]
[White "Cuevas Feliz, Fernando Jose"]
[Black "Guzman, Christopher"]
[Result "0-1"]
[WhiteElo "1832"]
[BlackElo "2276"]
[PlyCount "58"]
[EventDate "2018.01.12"]
[EventType "swiss"]
[EventRounds "8"]
[EventCountry "DOM"]
[SourceTitle "CBM 182 Extra"]
[Source "ChessBase"]
[SourceDate "2018.02.23"]
[SourceVersion "1"]
[SourceVersionDate "2018.02.23"]
[SourceQuality "1"]

1. e4 c5 2. Nf3 e6 3. d4 cxd4 4. Nxd4 a6 5. c4 Nf6 6. Nc3 Qc7 7. Be3 Bb4 8. Bd3 Nc6 9. Nde2 Ne5 10. 0-0 Bxc3 11. Nxc3 Neg4 12. g3 Nxe3 13. fxe3 h5 14. Qf3 d6 15. Rac1 Ng4 16. Qf4 Ne5 17. Be2 h4 18. c5 hxg3 19. Qxg3 Rh6 20. cxd6 Qxd6 21. Kh1 Rg6 22. Qh4 Bd7 23. Rxf7 Nxf7 24. Bh5 Rf6 25. Qg5 Kf8 26. Bxf7 Rxf7 27. Rd1 Qe7 28. Qh5 Kg8 29. e5 Bc6+ 0-1

[Event "DOM-chT"]
[Site "Santiago de los Caballeros"]
[Date "2017.08.18"]
[Round "2.1"]
[White "Ramirez, Eudomar"]
[Black "Cuevas Feliz, Fernando Jose"]
[Result "0-1"]
[WhiteElo "1693"]
[BlackElo "1816"]
[PlyCount "27"]
[EventDate "2017.08.17"]
[EventType "team-swiss"]
[EventRounds "6"]
[EventCountry "DOM"]
[SourceTitle "EXT 2019"]
[Source "ChessBase"]
[SourceDate "2018.10.10"]
[SourceVersion "1"]
[SourceVersionDate "2018.10.10"]
[SourceQuality "1"]
[WhiteTeam "Monte Plata"]
[BlackTeam "Barahona"]
[WhiteTeamCountry "DOM"]
[BlackTeamCountry "DOM"]

1. e4 c5 2. Nf3 e6 3. d4 cxd4 4. Nxd4 a6 5. Be3 Nf6 6. Bd3 Nc6 7. Nb3 d5 8. exd5 Nxd5 9. Bd2 Ne5 10. Qe2 Nxd3+ 11. Qxd3 Be7 12. 0-0 0-0 13. Nc3 Nxc3 14. Qxc3 0-1

[Event "DOM-ch"]
[Site "Santo Domingo"]
[Date "2017.05.07"]
[Round "11"]
[White "Cuevas Feliz, Fernando Jose"]
[Black "Toro Rojas, Freddy Alberto"]
[Result "0-1"]
[WhiteElo "1837"]
[BlackElo "1904"]
[PlyCount "54"]
[EventDate "2017.04.21"]
[EventType "swiss"]
[EventRounds "11"]
[EventCountry "DOM"]
[SourceTitle "EXT 2018"]
[Source "ChessBase"]
[SourceDate "2017.10.13"]
[SourceVersion "1"]
[SourceVersionDate "2017.10.13"]
[SourceQuality "1"]

1. e4 c6 2. d4 d5 3. Nc3 dxe4 4. Nxe4 Bf5 5. Ng3 Bg6 6. h4 h6 7. Nf3 Nf6 8. Bc4 e6 9. Qe2 Bd6 10. Ne5 Bxe5 11. dxe5 Nd5 12. h5 Bh7 13. Ne4 Bxe4 14. Qxe4 Qc7 15. 0-0 Nd7 16. Re1 0-0-0 17. Bxd5 exd5 18. Qa4 Kb8 19. Bf4 Nc5 20. Qa3 Ne6 21. Be3 d4 22. Bd2 Rhg8 23. b4 g6 24. b5 c5 25. b6 axb6 26. Rab1 gxh5 27. Rb5 Qc6 0-1